warriors cats : fun quiz - Statistics

General Stats
  • This quiz has been taken 334 times
  • The average score is 8 of 15
Answer Stats
Hint Answer % Correct
she abondoned her kits to be a leader bluestar
98%
she is firestar's daughter and is a medicines cats leafpool
94%
bramblestar's brother and was killed by brambleclaw hawkfrost
91%
she died of gaving birth silverstream
86%
who is a medicines cat and had a son and killed him yellowfang
78%
a kittypet who joined thunderclan and became a leader firestar
77%
who is the shadowclan leader that drive out windclan brokenstar
74%
the first leader of skyclan clear sky
65%
the best medicines cat in thunderclan spottedleaf
54%
firestar's cousin cloudtail
41%
gray wing's mother quiet rain
19%
who is firestar's grandson lionpaw
8%
the first medicines cat pebble heart
4%
bramblestar's mate squrrielflight
2%
what is the last book of the 1 serises dark river
0%
No matching quizzes found
Score Distribution
Percent of People with Each Score
Percentile by Number Answered
Your Score History
You have not taken this quiz